000 00480nam a2200193Ia 4500
003 0100
008 130303s9999 xx 000 0 und d
040 _cARRUPELIB
050 _aBX830.1962 A8D32 1962
100 _aDaniel-Rops, Henri
245 4 _aThe Second Vatican Council
245 _bthe story behind ecumenical council of Pope John XXIII
260 _aNew York
260 _bHawthorn Books
260 _C1962
300 _a160p.
300 _b 22cm.
942 0 0 _05
999 _c44727
_d44727